| 000 | 01208nam a2200469 a 4500 | ||
|---|---|---|---|
| 001 | 3832 | ||
| 005 | 20140414131930.0 | ||
| 008 | 970101s19uu xx 00 eng d | ||
| 020 | _a0-85229-320-8 | ||
| 050 |
_aREF 031 _bB76 v.1 |
||
| 050 |
_aREF 031 _bB76 v.2 |
||
| 050 |
_aREF 031 _bB76 v.3 |
||
| 050 |
_aREF 031 _bB76 v.5 |
||
| 050 |
_aREF 031 _bB76 v.6 |
||
| 050 |
_aREF 031 _bB76 v.7 |
||
| 050 |
_aREF 031 _bB76 v.8 |
||
| 050 |
_aREF 031 _bB76 v.9 |
||
| 050 |
_aREF 031 _bB76 v.10 |
||
| 050 |
_aREF 031 _bB76 v.11 |
||
| 050 |
_aREF 031 _bB76 v.12 |
||
| 050 |
_aREF 031 _bB76 v.14 |
||
| 050 |
_aREF 031 _bB76 v.15 |
||
| 245 |
_aBritannica junior encyclopedia : _bfor boys and girls. |
||
| 260 |
_aChicago : _bEncyclopedia Britannica, _c1977. |
||
| 300 | _ap. ; cm. | ||
| 440 | _aBritannica junior encyclopedia | ||
| 500 | _a[Ready Reference index] - [15 vol.) | ||
| 650 | _aEncyclopedias and dictionaries. | ||
| 999 |
_c112198 _d112198 |
||